De lo espiritual en el Arte (Record no. 287)
[ view plain ]
| 000 -LEADER | |
|---|---|
| campo de control de longitud fija | 00757 a2200145 4500 |
| 020 ## - NÚMERO INTERNACIONAL ESTÁNDAR DEL LIBRO | |
| Número Internacional Estándar del Libro | 844930315x |
| 082 ## - NÚMERO DE LA CLASIFICACIÓN DECIMAL DEWEY | |
| Número de clasificación | 701.17 |
| Número de ítem | K16e |
| 100 ## - ENTRADA PRINCIPAL--NOMBRE DE PERSONA | |
| Nombre de persona | Kandinsky, Vasili |
| 9 (RLIN) | 1324 |
| 245 ## - MENCIÓN DEL TÍTULO | |
| Título | De lo espiritual en el Arte |
| 260 ## - PUBLICACIÓN, DISTRIBUCIÓN, ETC. | |
| Lugar de publicación, distribución, etc. | Buenos Aires |
| Nombre del editor, distribuidor, etc. | Ediciones Paidos |
| Fecha de publicación, distribución, etc. | 1996 |
| 300 ## - DESCRIPCIÓN FÍSICA | |
| Extensión | 116 p |
| Otras características físicas | il (col) |
| Dimensiones | 21 cm |
| 505 ## - NOTA DE CONTENIDO CON FORMATO | |
| Título | Introduccion. Max Bill Prologo a la primera edicion suiza. Prologo a la segunda edicion suiza. |
| -- | A. Notas Generales I. Introduccion II. El movimiento III. El cambio de las formas y los colores IV. La piramide |
| -- | B. La Pintura V. Los efectos del color VI. El lenguaje de las formas y los colores VII. Teoria VIII. La obra de arte y el artista |
| -- | Epilogo Laminas I-VIII |
| 650 ## - PUNTO DE ACCESO ADICIONAL DE MATERIA--TÉRMINO DE MATERIA | |
| Término de materia o nombre geográfico como elemento de entrada | Estetica |
| Subdivisión general | Arte critico |
| -- | pintura |
| 9 (RLIN) | 1325 |
| 700 ## - ENTRADA AGREGADA--NOMBRE PERSONAL | |
| Nombre de persona | Vasili Kandinsky |
| 9 (RLIN) | 1326 |
| Estatus retirado | Estado de pérdida | Fuente del sistema de clasificación o colocación | Estado de daño | No para préstamo | Biblioteca de origen | Biblioteca actual | Ubicación en estantería | Fecha de adquisición | Total de préstamos | Signatura topográfica completa | Código de barras | Visto por última vez | Precio de reemplazo | Tipo de ítem Koha |
|---|---|---|---|---|---|---|---|---|---|---|---|---|---|---|
| Clasificación Decimal Dewey | Biblioteca LadoV | Biblioteca LadoV | 21/08/2014 | 701.17 K16e | 000285 | 21/08/2014 | 21/08/2014 | Material 01 |
